| 000 | 00374nam a22001451a 4500 | ||
|---|---|---|---|
| 082 |
_aM8 _b GIB/R |
||
| 100 | _aKhalil Gibran | ||
| 245 |
_aRavinum prabhathathinumidayil/ _cby Khalil Gibran |
||
| 260 |
_aKozhikode: _bLipi, _c2002. |
||
| 300 | _a80p. | ||
| 650 | _aMiscellaneous Literature Malayalam | ||
| 650 | _aLiterature Malayalam | ||
| 650 | _aLiterature | ||
| 942 | _cBK | ||
| 999 |
_c37592 _d37592 |
||